[Event "3rd Sharjah Masters 2019"]
[Site "Sharjah"]
[Date "2019.03.24"]
[Round "3.22"]
[White "Zou, Chen"]
[Black "Pichot, Alan"]
[Result "0-1"]
[WhiteElo "2397"]
[BlackElo "2584"]
[Annotator "TA"]
[PlyCount "120"]
[EventDate "2019.03.22"]
[EventType "swiss"]
[EventCountry "UAE"]
[SourceTitle "playchess.com"]
[Source "ChessBase"]
[SourceQuality "1"]

{[%evp 18,120,18,18,9,11,13,0,41,12,13,19,12,0,0,0,0,-30,-16,-24,-29,-32,0,-57,24,0,0,-58,-48,-116,-144,-126,-120,-117,-137,-110,-106,-227,-231,-222,-224,-387,-302,-379,-367,-365,-354,-338,-255,-468,-273,-567,-476,-871,-390,-404,-404,-393,-398,-622,-633,-625,-624,-658,-477,-460,-462,-444,-400,-415,-415,-402,-375,-415,-391,-377,-339,-410,-410,-428,-422,-1287,-1262,-1426,-1426,-1270,-1140,-1806,-1800,-1416,-1377,-1647,-1646,-1646,-1613,-3254,-2826,-29982,-1214,-2071,-1855,-2617,-2386,-29980,-29981]} 1. e4 c5 2. Nf3 Nc6 3. d4 cxd4 4. Nxd4 Nf6 5. Nc3 d6 6. Bg5 e6 7. Qd2 a6 8. O-O-O Be7 9. f3 Nxd4 10. Qxd4 b5 {B66: Sicilian: Richter-Rauzer: 7...a6 8 0-0-0 h6} 11. h4 Bb7 12. g4 Qa5 {The position is equal.} 13. Kb1 $146 ({Predecessor:} 13. a3 O-O 14. Be3 Nd7 15. h5 d5 16. h6 Bf6 17. Qb4 Qxb4 18. axb4 g6 19. Be2 Bxc3 20. bxc3 Rac8 21. exd5 Bxd5 {1-0 (84) Khismatullin,D (2584)-Lyanguzov,O (2333) Kazan 2006}) 13... b4 14. Ne2 d5 15. e5 Bc5 16. Qd2 $1 Nd7 17. Nd4 Qc7 18. Re1 Rc8 19. Nb3 Bf8 20. Bf4 ({White should try} 20. Nd4 $11) 20... Be7 (20... Nb6 $1 $15) 21. g5 Nb6 $1 22. Bd3 (22. Rd1 $11) 22... Nc4 $15 23. Qc1 {[#]} (23. Qf2 $1 $15) 23... a5 $1 $17 {[%cal Ba6a5,Ba5a4][%mdl 32]} 24. h5 a4 25. Nd4 Qb6 $36 {[%mdl 2048] Black has strong initiative.} 26. Be3 Bc5 27. Bxc4 (27. Rh4 $17) 27... dxc4 $19 28. c3 a3 29. Rd1 $2 (29. h6 gxh6 30. gxh6) 29... b3 30. bxa3 Ra8 31. axb3 cxb3 32. Qb2 Bxa3 33. Qe2 $2 (33. Qxb3 {is the only way for White.} Qxb3+ 34. Nxb3) 33... Qa5 (33... O-O $142 34. g6 Bc5 35. gxh7+ Kh8) 34. Nxb3 $2 (34. Qb5+ Qxb5 {[%mdl 64] Overworked Piece} 35. Nxb5 Bxf3 {[%mdl 64] Double Attack} 36. Nxa3 Bxh1 37. Rxh1 Rxa3 38. Kb2) 34... Qxe5 35. Qd2 (35. h6 $142 gxh6 36. Rhe1) 35... Qf5+ (35... O-O $142 36. Qd3 Bxf3) 36. Qd3 Bxf3 {[%mdl 64] Strongly threatening ...Be4. Double Attack} 37. Qxf5 exf5 38. Kc2 (38. Nd2 $142 Bxh1 39. Rxh1) 38... Be4+ 39. Kd2 Rb8 40. Bd4 O-O 41. Nc5 Bxh1 42. Rxh1 Rfd8 43. Nd3 Be7 44. Rg1 Rb5 45. Ke3 Re8 46. Kf3 Bd6 47. h6 g6 48. Bf6 Rd5 49. Nf4 (49. Bd4 $142) 49... Bxf4 50. Kxf4 {[%mdl 4096] Endgame KRR-KRB} Rd3 {[%csl Gf5][%cal Re8e4]} 51. Be5 Rh3 52. Re1 {[#]} f6 $1 53. gxf6 (53. Bxf6 Rxe1) 53... Kf7 54. Kg5 Rh5+ 55. Kf4 Rxh6 56. Rg1 Rh4+ 57. Kg5 Rh5+ (57... Re4 $142 58. Bf4 {[#]} h6+ $1 {[%mdl 512]} 59. Kh4 Rxf4+ 60. Kh3 Re3+ 61. Kg2 Rg4+ 62. Kf2 Rxg1 63. Kxe3 h5 64. Kd3 h4 65. Kd4 h3 66. Kc5 h2 67. Kb6 h1=Q 68. Kc5 Qe4 69. c4 Rb1 70. Kd6 Qxc4 71. Ke5 Rb5+ 72. Kd6 Rd5#) 58. Kf4 g5+ 59. Kxf5 {[#]} g4+ $1 60. Kxg4 Rhxe5 {Accuracy: White = 21%, Black = 71%.} 0-1

[Event "3rd Sharjah Masters 2019"]
[Site "Sharjah"]
[Date "2019.03.24"]
[Round "3.23"]
[White "Abdusattorov, Nodirbek"]
[Black "Nitin, S.."]
[Result "1-0"]
[WhiteElo "2560"]
[BlackElo "2408"]
[Annotator "TA"]
[PlyCount "59"]
[EventDate "2019.03.22"]
[EventType "swiss"]
[EventCountry "UAE"]
[SourceTitle "playchess.com"]
[Source "ChessBase"]
[SourceQuality "1"]

{[%evp 12,59,15,0,12,5,19,10,62,26,20,22,12,17,22,28,65,54,68,65,76,66,68,68,67,59,66,65,96,69,83,91,114,114,143,143,148,141,143,141,156,147,164,167,419,418,481,483,488,451]} 1. e4 c5 2. Nf3 d6 3. Bb5+ Nd7 4. c3 Ngf6 5. Qe2 a6 6. Ba4 e6 7. O-O Be7 {B51: Sicilian: Moscow Variation (3 Bb5+) without 3...Bd7} (7... b5 8. Bc2 Bb7 9. d4 Qc7 10. a4 Be7 11. e5 dxe5 12. dxe5 Nd5 13. axb5 axb5 14. Rxa8+ Bxa8 15. Qxb5 c4 16. Nbd2 N5b6 {0-1 (41) Liang,A (2589)-Inarkiev,E (2693) Sitges 2018}) 8. d4 O-O 9. Bc2 e5 ({Black should try} 9... b5 $11) 10. dxe5 Nxe5 11. Nxe5 dxe5 12. Rd1 Qc7 13. c4 Bg4 $146 ({Predecessor:} 13... b5 14. Nc3 bxc4 15. Bg5 {0-1 (76) Sabol,M (2308)-Ponizil,C (2432) Czechia 2014}) 14. f3 Be6 15. Nc3 Rad8 16. Be3 (16. Re1 {is more complex.} Rfe8 17. Be3 Bd7 18. b3 b6 19. Red1) 16... Rxd1+ 17. Rxd1 Rd8 18. Rf1 h6 19. b3 Nd7 20. g3 Bf6 21. Nd5 Bxd5 22. exd5 Nf8 23. Bd2 Be7 24. Bc3 Bd6 25. Re1 Nd7 26. Kg2 Re8 27. f4 $1 Re7 $2 {[#]} (27... f6 {was called for.} 28. Qh5 Re7) 28. Qe4 $1 $18 {[%cal Re4h7] Intending Qh7+ and mate.} g6 {[%cal Re5f4] [#]} 29. f5 $1 Nf8 30. Bd2 {Accuracy: White = 69%, Black = 30%.} 1-0

[Event "3rd Sharjah Masters 2019"]
[Site "Sharjah"]
[Date "2019.03.24"]
[Round "3.24"]
[White "Dhulipalla Bala Chandra Prasa"]
[Black "Deepan, Chakkravarthy J."]
[Result "0-1"]
[WhiteElo "2384"]
[BlackElo "2534"]
[Annotator "TA"]
[PlyCount "146"]
[EventDate "2019.03.22"]
[EventType "swiss"]
[EventCountry "UAE"]
[SourceTitle "playchess.com"]
[Source "ChessBase"]
[SourceQuality "1"]

{[%evp 18,146,18,5,12,-77,-29,-26,-39,-33,-36,-41,-25,-61,-62,-74,-43,-108,-113,-121,-108,-108,-102,-102,-83,-82,-71,-72,-68,-89,-71,-74,-75,-80,-54,-71,-69,-86,-90,-87,-87,-99,-80,-56,-51,-56,-49,-56,-51,-58,-54,-92,-90,-73,-92,-110,-110,-104,-103,-113,-105,-116,-112,-116,-116,-111,-111,-112,-114,-115,-98,-96,-92,-128,-116,-145,-143,-375,-375,-402,-6,-6,0,-206,65,-665,-938,-972,-637,-817,-675,-1329,-2285,-1822,-1662,-1732,-1596,-6701,-3125,-12468,-12468,-12839,-10431,-5081,-1265,-1126,-944,-6605,-727,-3094,-2741,-29977,-29978,-29978,-29979,-29979,-29980,-29980,-29981,-29982,-29983,-29983,-29984,-29984,-29985,-29985,-29986,-29986,-29987,-29988,-29989]} 1. d4 Nf6 2. c4 g6 3. Nc3 d5 4. cxd5 Nxd5 5. Bd2 Bg7 6. e4 Nb6 7. Be3 O-O 8. h3 e5 {D85: Exchange Grünfeld: Unusual White 7th moves and lines with 7 Nf3} 9. Nf3 (9. dxe5 Bxe5 10. Qc2 Nc6 11. Nf3 Bg7 12. Be2 Nb4 13. Qb1 Qe7 14. O-O Be6 15. a3 Nc6 16. Qc2 {0-1 (51) Indjic,A (2620)-Artemiev,V (2709) St Petersburg 2018}) 9... exd4 10. Bxd4 {LiveBook: 76 Games} Bh6 {[%cal Bg7h6,Bh6g5,Bg5e7][%mdl 32] The position is equal.} 11. Bxb6 $146 (11. Bd3 $11) ({Predecessor:} 11. Bd3 Qe7 12. Qe2 Be6 13. O-O Nc6 14. Be3 Bg7 15. Rac1 Nb4 16. b3 Nxd3 17. Qxd3 {½-½ (59) Kurbasov,S (2196)-Popov,A (2302) ICCF email 2012}) 11... Qxd1+ 12. Rxd1 axb6 13. Bc4 c6 14. Ne5 {next Nxf7 is good for White.} Bg5 15. Nf3 Be7 16. e5 Na6 17. Ne4 (17. Bxa6 $15 Rxa6 18. a3) 17... Nc5 $1 $17 {[%cal Rc5e4]} 18. Nxc5 bxc5 19. a3 b5 20. Bd3 Be6 21. Be4 Rfc8 22. O-O Ra4 23. Bc2 Ra7 24. Be4 Kf8 25. Rd2 Ke8 26. Rfd1 h5 27. Ne1 Bb3 28. Bc2 Bd5 29. Nd3 g5 30. Nc1 Rca8 31. Ne2 b4 32. axb4 cxb4 33. Nd4 Ra1 34. Bb3 Rxd1+ 35. Rxd1 Ra5 36. Rc1 Bxb3 37. Nxb3 Rxe5 {[%mdl 4096] Endgame KRB-KRN} 38. Nd4 c5 39. Nc6 {[#]} Rd5 $1 40. Re1 Rd7 41. Ne5 Rd6 42. Nc4 Ra6 43. b3 Ra8 44. g4 h4 45. Rd1 Ra2 46. Rd5 Rc2 47. Ne3 $2 (47. Re5 $17) 47... Rc3 $19 48. Nf5 {With the idea Re5.} Rxb3 $2 (48... Bf8 $19 49. Re5+ Kd7 50. Rd5+ Kc7) 49. Re5 $11 Rxh3 50. Nxe7 $2 {[#]} (50. Rxe7+ $11 {and White stays safe.} Kd8 51. Rxf7) 50... b3 $2 (50... Kd7 $1 $19 {aiming for ...Rd3.} 51. Nf5 Rc3 52. Rd5+ Kc6 53. Ne7+ {[%mdl 64] Discovered Attack} Kb7 54. Rd7+ Ka6) 51. Rxc5 $2 {[%mdl 8192]} (51. Nf5+ $14 Kd8 52. Rxc5) 51... Kxe7 $14 {KR-KR} 52. Kg2 Kd6 53. Rxg5 Rd3 54. Rb5 Kc6 55. Rb8 Kc5 56. Rb7 f6 {[%cal Bf7f6,Bf6g5][%mdl 32]} 57. f4 Kd4 (57... Kc4 $142 58. Kh2 Rg3) 58. g5 fxg5 59. f5 Rg3+ 60. Kf2 Rh3 (60... Ke5 $142 61. Rb5+ Kf6) 61. f6 $19 g4 62. Rc7 Kd3 (62... Rf3+ $142 63. Kg1 b2) 63. Rb7 Rf3+ 64. Kg2 Kc2 {Black mates.} 65. Rc7+ Kb1 66. f7 b2 67. Rb7 Rf4 68. Rc7 g3 69. Kh3 Rf2 70. Rb7 g2 71. f8=Q Rxf8 72. Kxg2 Ra8 73. Kh3 Ra4 {Accuracy: White = 40%, Black = 64%.} 0-1

[Event "3rd Sharjah Masters 2019"]
[Site "Sharjah"]
[Date "2019.03.24"]
[Round "3.25"]
[White "Pranav Anand"]
[Black "Gukesh, D."]
[Result "0-1"]
[WhiteElo "2359"]
[BlackElo "2529"]
[Annotator "TA"]
[PlyCount "132"]
[EventDate "2019.03.22"]
[EventType "swiss"]
[EventCountry "UAE"]
[SourceTitle "playchess.com"]
[Source "ChessBase"]
[SourceQuality "1"]

{[%evp 18,132,9,8,25,17,7,10,29,0,0,0,11,7,9,9,9,9,13,14,14,8,19,11,21,16,10,14,14,13,17,-2,0,0,0,0,15,-27,-15,-22,-17,-8,-8,-8,-8,-30,0,0,0,0,0,-12,0,-12,0,-12,0,-12,0,0,7,0,0,0,0,0,0,-112,0,0,0,0,0,0,0,-40,0,0,0,0,0,-137,-12,-12,-12,-741,-734,-727,-727,-29965,-29966,-29966,-29967,-29967,-29968,-29967,-29968,-29968,-29969,-29973,-29971,-29966,-29968,-29973,-29974,-29973,-29974,-29974,-29975,-29976,-29977,-29974,-29975,-29981,-29982,-29982,-29983]} 1. d4 Nf6 2. c4 e6 3. Nc3 Bb4 4. f3 d5 5. a3 Bxc3+ 6. bxc3 c5 7. cxd5 Nxd5 8. dxc5 Qa5 9. e4 Nf6 10. Be3 O-O {E25: Nimzo-Indian: Sämisch: 5...c5 6 f3 d5 7 cxd5} 11. Qd2 (11. Kf2 Nfd7 12. Rb1 Rd8 13. Rb5 Qxa3 14. Ne2 a6 15. Rb4 Qa5 16. Rd4 Nc6 17. Rd6 Nxc5 18. Rxd8+ Nxd8 {½-½ (26) Yu,Y (2753)-Ponomariov,R (2699) Danzhou 2017}) 11... Nfd7 12. c4 Qc7 {The position is equal.} 13. Qd6 Qa5+ 14. Qd2 Qxd2+ 15. Kxd2 Na6 16. c6 bxc6 17. Ne2 e5 18. Kc2 Ndc5 $146 ({Predecessor:} 18... Nb6 19. Nc3 Be6 20. c5 {½-½ (37) Williams,T (2372)-Ilyasov,A (2345) ICCF email 2014}) 19. Nc1 Ne6 20. Nd3 f6 21. Be2 c5 22. Kc3 Nd4 23. Bd1 Bd7 24. Bb3 (24. Rb1 {looks sharper.} Bc6 25. g4 Rf7 26. h4 Rd7 27. Rh2) 24... Bc6 (24... Rfd8 {keeps more tension.} 25. Rhd1 h5 26. Rd2 Bc6 27. Bd1 g6) 25. Bxd4 cxd4+ 26. Kd2 Rfc8 27. Rhc1 Kf8 28. c5 Bb5 {And now ...Bxd3 would win.} 29. Bc4 Nxc5 {Threatens to win with ...Bxc4.} 30. Bxb5 Nb3+ {[%mdl 64] Double Attack} 31. Kd1 {Rxc8+ is the strong threat.} Nxa1 32. Rxa1 Rc3 {Hoping for ...a6.} 33. Kd2 Rb8 34. Ba4 a5 35. Bd1 Ke7 36. a4 Kd6 37. Bc2 h5 38. h4 Rc7 39. Rb1 Rxb1 40. Bxb1 Rc3 41. Bc2 g6 42. g4 (42. Bd1 $11 {keeps the balance.}) 42... Rc7 (42... g5 $1 $17 {[%cal Rg5h4]} 43. gxh5 (43. hxg5 h4 $17) 43... gxh4) 43. gxh5 $11 gxh5 44. Bd1 Rg7 45. f4 Rg2+ 46. Ke1 Rg1+ 47. Kd2 exf4 48. Nxf4 Ke5 49. Nxh5 {[#]} (49. Nd3+ $1 $11 Kxe4 50. Bxh5) 49... Rg2+ ({Don't play} 49... Rh1 $6 50. Bc2 $11) (49... d3 $1 $17) 50. Be2 $1 Rh2 51. Ng3 $2 {[%mdl 8192] [#]} (51. Ng7 $11) 51... d3 $1 $19 52. Kxd3 Rh3 53. Ke3 Rxg3+ {[%mdl 4096] Endgame KR-KB. Black mates.} 54. Bf3 Rh3 55. h5 Rg3 56. Kf2 Kf4 57. Bg2 Rb3 58. h6 Rb8 59. Ke2 Rh8 60. Kd3 Rxh6 61. Kd4 Rh2 62. Bf1 Rd2+ 63. Bd3 Rd1 64. Kc3 Ke3 65. Bc2 Rc1 66. Kb2 Rxc2+ {Accuracy: White = 49%, Black = 59%.} 0-1

[Event "3rd Sharjah Masters 2019"]
[Site "Sharjah"]
[Date "2019.03.24"]
[Round "3.26"]
[White "Megaranto, Susanto"]
[Black "Sharma, Dinesh K."]
[Result "1-0"]
[WhiteElo "2526"]
[BlackElo "2286"]
[Annotator "TA"]
[PlyCount "97"]
[EventDate "2019.03.22"]
[EventType "swiss"]
[EventCountry "UAE"]
[SourceTitle "playchess.com"]
[Source "ChessBase"]
[SourceQuality "1"]

{[%evp 9,97,11,32,-2,-3,0,0,6,14,13,8,2,8,20,51,12,45,37,40,51,38,50,45,54,54,26,26,24,25,18,20,0,49,42,40,42,50,46,39,37,63,64,60,61,125,125,120,120,133,140,165,163,155,144,202,195,260,254,362,377,371,370,370,353,339,345,419,352,440,358,1319,1300,1145,1018,807,780,29952,29956,5285,5114,29980,29981,29981,29982,29982,29983,29979,29981,29980,29982]} 1. c4 e5 2. Nc3 Bb4 3. Nd5 Bc5 4. e3 c6 5. Nc3 (5. d4 cxd5 6. dxc5 dxc4 7. Bxc4 Nf6 8. Nf3 Qa5+ 9. Bd2 Qxc5 10. Qb3 d5 11. Bb5+ Nbd7 12. Nxe5 Qd6 13. Nxd7 Bxd7 {1-0 (27) Inarkiev,E (2693)-Kazhgaleyev,M (2587) St Petersburg 2018}) 5... d6 6. g3 {A21: English Opening: 1...e5 2 Nc3} Nf6 7. Bg2 O-O 8. Nge2 {The position is equal.} Re8 $146 ({Predecessor:} 8... Be6 9. b3 Qd7 10. Bb2 Bb6 11. Rc1 Re8 12. d4 Bh3 {0-1 (59) Gigante,G (1801)-Savalla,P (1919) Nicolosi 2014}) 9. O-O Bb6 10. b3 h5 11. d4 h4 12. dxe5 dxe5 (12... Rxe5 {with more complications.} 13. Bb2 Rh5 14. Ba3 Bc7 15. Qd2 Rh6) 13. Qxd8 Bxd8 14. gxh4 Nbd7 15. Ng3 Nf8 16. h5 Bg4 17. h3 Bxh5 18. Nxh5 Nxh5 19. Ne4 Be7 20. Bb2 Ng6 21. Rfd1 $36 {[%mdl 2048] White has good play.} Rad8 22. Bf3 Nf6 23. Bc3 Nxe4 24. Bxe4 Nf8 25. Rxd8 ({Not} 25. Bxe5 Rxd1+ 26. Rxd1 Bb4 $17) 25... Bxd8 26. b4 a6 ({Black should play} 26... Nh7 $14) 27. b5 $16 axb5 28. cxb5 cxb5 29. Bxb7 Be7 30. Rb1 b4 31. Bxb4 Bxb4 (31... Ne6 $16 {might work better.} 32. Bc3 Bd6) 32. Rxb4 {[%mdl 4096] Endgame KRB-KRN} Rb8 (32... Ne6 $142 33. Rb5 Rb8) 33. a4 {[%cal Ba2a4,Ba4a5][%mdl 32] And now a5 would win.} Ne6 (33... Rd8 $142 34. a5 Rd1+ 35. Kg2 Ra1) 34. a5 $18 Nc7 35. Rb6 Kf8 36. Kg2 Ke7 37. Kf3 g6 38. Kg4 Kd8 39. Bc6 Rxb6 $2 {[#]} (39... Rc8 40. a6 Na8 41. Bxa8 Rxa8) 40. axb6 {KB-KN} Na6 41. Kg5 Nb4 42. Bb5 Nd5 43. b7 Kc7 44. Bc4 Nc3 45. Bxf7 {White mates.} Kxb7 46. Kxg6 Nd1 47. h4 {[%cal Bh3h4,Bh4h5,Bh5h6][%mdl 32]} Nxf2 48. h5 Ng4 49. h6 {Accuracy: White = 83%, Black = 38%.} 1-0

[Event "3rd Sharjah Masters 2019"]
[Site "Sharjah"]
[Date "2019.03.24"]
[Round "3.27"]
[White "Raghunandan, Kaumandur Srihari"]
[Black "Arencibia Rodriguez, Walter"]
[Result "1/2-1/2"]
[WhiteElo "2352"]
[BlackElo "2506"]
[Annotator "TA"]
[PlyCount "106"]
[EventDate "2019.03.22"]
[EventType "swiss"]
[EventCountry "UAE"]
[SourceTitle "playchess.com"]
[Source "ChessBase"]
[SourceQuality "1"]

{[%evp 21,106,20,24,26,22,17,29,6,25,8,21,-18,0,-18,0,0,0,0,0,0,0,13,31,39,45,32,23,13,14,8,9,8,13,12,65,65,53,52,68,58,144,63,106,44,48,54,39,28,39,25,101,111,93,109,86,0,0,0,0,0,0,0,0,0,0,0,0,0,0,0,0,0,0,0,0,0,0,0,0,0,0,0,0,0,0,0,0]} 1. e4 e5 2. Nf3 Nc6 3. Bc4 Bc5 4. O-O Nf6 5. d3 d6 6. c3 a6 7. a4 {C54: Giuoco Piano: 4 c3 Nf6, main lines with 5 d4 and 5 d3} Ba7 8. Re1 h6 9. Nbd2 {[%cal Bb1d2,Bd2f1,Bf1h2,Bh2g4][%mdl 32]} O-O 10. h3 Be6 11. Bxe6 fxe6 {LiveBook: 24 Games} 12. b4 {[%cal Bb2b4,Bb4b5][%mdl 32]} Nh5 13. Nf1 Nf4 {[#]} 14. Bxf4 $146 (14. Be3 {with more complications.} Qe7 15. Ra2 Qf7 16. Bxf4 Qxf4 17. Qb3) 14... Rxf4 15. b5 Ne7 16. d4 Ng6 17. N1h2 axb5 18. axb5 Bb6 19. Qb3 Rxa1 20. Qxe6+ {[%mdl 64] [#] Double Attack} Kh7 21. Rxa1 Rxe4 22. Ng4 Qe7 23. Qd5 {[%mdl 64] Double Attack} exd4 24. cxd4 $40 {[%mdl 128] White mounts an attack.} Qe6 25. Qh5 {Threatening mate with Ng5+.} Kg8 $1 26. Ra8+ Nf8 27. Nh4 Qf7 ({Don't go for} 27... Bxd4 $2 28. Ng6 $18) ({Black should play} 27... Rf4 $1 $11) 28. Qg6 $1 $14 Qxg6 29. Nxg6 Kf7 30. Nxf8 {Strongly threatening d5.} Bxd4 {[#]} (30... Re1+ $1 $14 31. Kh2 Bxd4) 31. Kh2 ({Better is} 31. Kf1 $1 $16) 31... Rf4 32. Kg3 ({White should try} 32. Nh7 $16 Kg6 33. b6 cxb6 34. Kg3) 32... Rf5 33. b6 Bxb6 34. Nd7 Bd4 35. Rc8 h5 (35... Ke6 $1 $11 {keeps the balance.} 36. Nf8+ (36. Rxc7 Rf7 $11) 36... Kf7) 36. Ne3 $16 Bxe3 37. fxe3 {[%mdl 4096] Endgame KRN-KR} Ke6 38. Rxc7 (38. Nf8+ $16 Kd5 39. h4) 38... Rf7 $11 {The position is equal.} 39. Rxb7 {And now Kh4 would win.} (39. Nc5+ {looks sharper.} dxc5 40. Rxc5 Rf5 41. Rc7 Rf7 42. Rc5) 39... Rxd7 40. Rxd7 Kxd7 {K3P-K3P} 41. Kh4 Ke6 42. Kxh5 {K3P-KPP} Kf5 43. h4 {Black should prevent g4+.} d5 44. g3 Ke4 45. Kg6 Kxe3 {Hoping for ...d4.} 46. Kxg7 {KPP-KP} d4 47. h5 d3 {Threatens to win with ...d2.} 48. h6 d2 49. h7 d1=Q {( -> ...Qd4+)} 50. h8=Q Qd4+ 51. Kh7 {Black must now prevent Qxd4+.} Qxh8+ 52. Kxh8 Kf3 53. Kg7 Kxg3 {Accuracy: White = 56%, Black = 51%.} 1/2-1/2

[Event "3rd Sharjah Masters 2019"]
[Site "Sharjah"]
[Date "2019.03.24"]
[Round "3.28"]
[White "Sindarov, Javokhir"]
[Black "Sidhant, Mohapatra"]
[Result "1-0"]
[WhiteElo "2505"]
[BlackElo "2348"]
[Annotator "TA"]
[PlyCount "97"]
[EventDate "2019.03.22"]
[EventType "swiss"]
[EventCountry "UAE"]
[SourceTitle "playchess.com"]
[Source "ChessBase"]
[SourceQuality "1"]

{[%evp 9,97,-20,-6,0,35,39,40,40,41,36,34,35,66,63,71,61,63,0,0,-1,20,14,41,46,65,31,68,57,45,53,62,45,52,45,58,41,42,56,78,2,102,94,171,170,160,119,200,152,147,150,146,154,206,235,439,444,447,364,358,325,354,342,361,341,342,347,367,356,398,379,454,451,450,371,363,360,474,482,776,715,680,672,983,667,1222,931,1390,1552,1652,1568]} 1. e4 e5 2. Nf3 Nf6 3. d3 Nc6 4. Nbd2 Bc5 5. Be2 Ng4 (5... O-O 6. O-O d5 7. c3 a5 8. a4 Re8 9. Qc2 Ba7 10. Nb1 h6 11. Na3 Be6 12. Bd2 Qd7 13. Rfd1 Ng4 14. Be1 f5 15. Nb5 Bb6 16. c4 {0-1 (41) Antipov,M (2529)-Kuzubov,Y (2667) Jerusalem 2015}) 6. O-O {C44: Ponziani Opening and Scotch Gambit} d6 $146 (6... Bxf2+ $5 7. Rxf2 Ne3 $14) ({Predecessor:} 6... Bxf2+ 7. Rxf2 Ne3 8. Qe1 Nxc2 9. Qd1 Nxa1 10. Nc4 f6 11. Bd2 d5 12. exd5 Qxd5 13. Qxa1 {0-1 (26) Sekularac,A (2134)-Ilic,D (2256) Vrnjacka Banja 2008}) 7. c3 a6 8. h3 {White is slightly better.} Nf6 9. Re1 Ba7 10. Nf1 Ne7 11. Ng3 Ng6 12. d4 O-O 13. c4 (13. a4 $14) 13... Re8 $11 14. Bf1 c6 15. Be3 h6 16. Qc2 Qc7 17. Rad1 Be6 18. b3 Bb6 19. Qb2 Rad8 20. c5 dxc5 21. dxc5 Ba7 22. Qc3 Bb8 23. Nd2 Ne7 24. Bc4 (24. Qc2 $16) 24... Bxc4 (24... Ned5 $1 $11 {remains equal.} 25. Qc2 (25. exd5 cxd5 26. Nde4 Nxe4 $11) 25... Nxe3 26. Rxe3 Bc8) 25. Nxc4 $16 {Black must now prevent Nd6.} Rxd1 (25... Nfd5 $16 26. exd5 cxd5) 26. Rxd1 $18 Rd8 27. Rd2 Ng6 (27... Rxd2 $16 {is a better defense.} 28. Qxd2 (28. Bxd2 Ng6 $16) 28... Qc8) 28. Rxd8+ Qxd8 29. Qb4 Qd7 30. Na5 h5 (30... Bc7 $16) 31. Qxb7 ({But not} 31. Nxb7 $6 h4 $16) 31... Bc7 $2 (31... Qxb7 32. Nxb7 Bc7) 32. Nxc6 h4 33. Nf5 Nxe4 34. Nfe7+ Nxe7 35. Nxe7+ {[%mdl 64] [#] Discovered Attack} Qxe7 36. Qxe4 Qd8 37. b4 g6 38. Qc2 e4 39. a4 {[#] Strongly threatening b5.} Qd7 40. Qb3 Qe7 41. Kf1 Qe5 42. Ke2 Qh2 43. b5 {[%cal Bb4b5,Bb5b6][%mdl 32] White is clearly winning.} Qxg2 (43... axb5 $142 44. axb5 Qxg2) 44. b6 Qf3+ 45. Ke1 Be5 46. b7 Qh1+ 47. Kd2 Qh2 48. Qd5 Bf4 49. Kc3 {Accuracy: White = 78%, Black = 34%.} 1-0

[Event "3rd Sharjah Masters 2019"]
[Site "Sharjah"]
[Date "2019.03.24"]
[Round "3.29"]
[White "Sri, Sai Baswanth P"]
[Black "Matlakov, Maxim"]
[Result "1/2-1/2"]
[WhiteElo "2018"]
[BlackElo "2692"]
[Annotator "TA"]
[PlyCount "27"]
[EventDate "2019.03.22"]
[EventType "swiss"]
[EventCountry "UAE"]
[SourceTitle "playchess.com"]
[Source "ChessBase"]
[SourceQuality "1"]

{[%evp 11,27,0,4,0,0,0,0,2,61,50,57,59,160,152,150,145,143,160]} 1. d4 Nf6 2. Bf4 c5 3. e3 d5 4. c3 Nc6 5. Nd2 Bf5 6. Ngf3 e6 7. Qb3 {D00: 1 d4 d5: Unusual lines} (7. Be2 Bd6 8. dxc5 Bxc5 9. Nd4 Bg6 10. Qa4 O-O 11. Nxc6 bxc6 12. Qxc6 Rc8 13. Qa4 Re8 14. O-O e5 {0-1 (57) Le,Q (2737)-Ding,L (2777) Riadh 2017}) 7... Qc8 8. c4 cxd4 9. Nxd4 {The position is equal.} Bb4 (9... dxc4 $11 10. Bxc4 Nxd4 11. exd4 a6) 10. Nxf5 $14 exf5 11. cxd5 Qd7 $146 {[#]} ({Better is} 11... Bxd2+ $1 $14 12. Kxd2 Qd8) ({Predecessor:} 11... Bxd2+ 12. Kxd2 Qd7 13. Ke1 Qxd5 14. Bc4 Qa5+ 15. Ke2 O-O-O 16. Rhd1 Ne4 17. Be6+ {1-0 (17) Chernyshov,K (2556)-Seres,L (2497) Budapest 2004}) 12. O-O-O $1 $16 {White is clearly better.} Qxd5 13. Nc4 Qe6 14. Bd6 1/2-1/2

[Event "3rd Sharjah Masters 2019"]
[Site "Sharjah"]
[Date "2019.03.24"]
[Round "3.30"]
[White "Panda, Sambit"]
[Black "Mareco, Sandro"]
[Result "1/2-1/2"]
[WhiteElo "2218"]
[BlackElo "2666"]
[Annotator "TA"]
[PlyCount "50"]
[EventDate "2019.03.22"]
[EventType "swiss"]
[EventCountry "UAE"]
[SourceTitle "playchess.com"]
[Source "ChessBase"]
[SourceQuality "1"]

{[%evp 15,50,-7,3,0,39,39,53,53,63,54,50,49,50,47,88,86,110,39,78,39,54,71,42,45,45,45,62,30,46,18,18,16,26,34,31,24,41]} 1. d4 Nf6 2. c4 e6 3. Nf3 d5 4. Nc3 c6 5. e3 Nbd7 6. Qc2 Bd6 7. Bd3 dxc4 8. Bxc4 b5 9. Be2 {D46: Semi-Slav: 5 e3 Nbd7 6 Bd3, Black avoids the Meran} Bb7 (9... O-O 10. O-O Bb7 11. Rd1 Qc7 12. a3 a6 13. b4 a5 14. Bd2 axb4 15. axb4 Nd5 16. Rac1 Nxb4 17. Qb1 Be7 18. Nxb5 Qa5 19. Rc4 Qxb5 20. Bxb4 Bxb4 21. Rxb4 Qxe2 22. Rxb7 {1-0 (76) Sasikiran,K (2666)-Pourramezanali,A (2537) Hamedan 2018}) 10. O-O a6 11. e4 {[#] And now e5 would win.White is slightly better.} e5 12. Rd1 {aiming for dxe5.} Qc7 13. dxe5 Nxe5 14. Nd4 Ned7 15. g3 {Black must now prevent Nf5.} g6 $146 {[#]} ({Predecessor:} 15... O-O 16. Nf5 Be5 {1-0 (40) Brandl,L (1908)-Stitterich,N (2001) Germany 2016}) 16. f4 (16. Bh6 $1 $16) 16... Bc5 $14 17. Be3 (17. e5 $5 {[%cal Re5f6]}) 17... Bxd4 18. Bxd4 c5 19. Nd5 Bxd5 20. exd5 {Hoping for Bxf6.} O-O 21. Rac1 {[%cal Rd4c5]} Rac8 22. Bf2 Qd6 23. a4 c4 24. axb5 axb5 25. b3 {[%cal Rb3c4]} Nb6 {Accuracy: White = 54%, Black = 56%.} 1/2-1/2